000 00334nam a2200145Ia 4500
100 _aTower/ T.D.
650 _aElectrical Engineering
942 _cBK
654 _atransintor
245 _aInternational transintor selector
260 _bBusiness promotion
_aDelhi
_c1982
082 _a621.38
300 _a281
546 _aENGLISH
999 _c30848
_d30848